00282nam a2200121Ia 4500003000400000005001700004008004100021020001800062040001000080100001600090245004300106260001100149OSt20231226073227.0170523s9999 xx 000 0 und d a9780070262225 cIIMTU aSingh- S.K. 0aIndustrial Instrumentation and Control aT.M.H.